000 00708naa a22001577i 4500
001 9325
003 KOSZ 005
005 20180324105832.0
008 180324s2001 pl ||||| ||||0|| 0 pol d
040 _cKOSZ 005/HR
_aKOSZ 005/HR
041 0 _apol
100 1 _aZAWADZKA, Danuta.
_d1999-2006.
_bPolitechnika Koszalińska - Wydział Ekonomii i Zarządzania,
_cKatedra Rachunkowości i Finansów, Zakład Finansów
245 1 0 _aRola banku w emisji krótkoterminowych papierów dłużnych /
_cDanuta Zawadzka.
773 0 _iW :
_tFinanse, Bankowość, Ubezpieczenia : zeszyt naukowy Wyższej Szkoły Finansów i Bankowości w Radomiu. -
_dRadom : WSFiB. -
_g2001, z. 2, s. 145-156.
_x1429-9623
942 _cART
_2UKD
999 _c9325
_d9325